Statistics for Jerry Stiller Filmography

Click here to take the quiz!

General Stats

  • This quiz has been taken 4 times
    (2 since last reset)
  • The average score is 5 of 121

Answer Stats

Type Year Name % Correct
TV Show1998-2007The King of Queens
100%
Film2001Zoolander
100%
TV Show1993-1998Seinfeld
100%
TV Show1987Saturday Night Live
50%
TV Show1992, 1996Law & Order
50%
Film2016Zoolander 2
50%
Film2011Swinging with the Finkels
0%
Theater1993Three Men on a Horse
0%
Film1997The Deli
0%
Film1997Stag
0%
Film1997Camp Stories
0%
TV Show1996Deadly Games
0%
Theater1995After-Play
0%
TV Show1995Homicide: Life on the Street
0%
Film1995Heavyweights
0%
Theater1994What's Wrong with This Picture?
0%
TV Show1994In the Heat of the Night
0%
Film2012Foodfight!
0%
TV Show1993L.A. Law
0%
Theater1997The Three Sisters
0%
Film1993The Pickle
0%
Film2014Planes: Fire & Rescue
0%
Film1992Highway to Hell
0%
Short Film1992Freefall
0%
TV Film1991Women & Men 2
0%
TV Show1991American Playhouse
0%
TV Film1990Sweet 15
0%
TV Show1990Monsters
0%
Film1990Little Vegas
0%
TV Show1989Murder, She Wrote
0%
TV Special2014How Murray Saved Christmas
0%
TV Film1997Subway Stories: Tales from the Underground
0%
TV Show1998Touched by an Angel
0%
TV Show2010-2011Fish Hooks
0%
Film2002Serving Sara
0%
TV Film2010Ice Dreams
0%
TV Show2009Mercy
0%
TV Show2009Wonder Pets!
0%
Film2008Snakes & Arrows Live
0%
Film2007The Heartbreak Kid
0%
Film2005R30: 30th Anniversary World Tour
0%
Film2004The Lion King 1½
0%
Film2004Anchorman: The Legend of Ron Burgundy
0%
TV Show2003Sex and the City
0%
TV Show2003Odd Job Jack
0%
Film2001On the Line
0%
TV Show1998The Larry Sanders Show
0%
TV Show2011The Good Wife
0%
TV Show2000-2002Teacher's Pet
0%
Theater2000Down the Garden Paths
0%
Film2000Chump Change
0%
Film2000My 5 Wives
0%
Film2000The Independent
0%
Film1999Secret of the Andes
0%
Film1999The Suburbans
0%
Film1999A Fish in the Bathtub
0%
TV Show1988-1989Tattingers
0%
TV Show1998Disney's Hercules: The Animated Series
0%
Film1989That's Adequate
0%
Theater1954Coriolanus
0%
Theater1954The Golden Apple
0%
Theater1960The Secret Concubine
0%
TV Show1972-1973The Paul Lynde Show
0%
TV Show1972The Carol Burnett Show
0%
TV Show1971, 1973Love, American Style
0%
TV Show1971, 1972The Courtship of Eddie's Father
0%
Theater1971Two Gentlemen of Verona
0%
Film1970Lovers and Other Strangers
0%
TV Show1969That's Life
0%
TV Show1964-1965Linus the Lionhearted
0%
TV Show1964Brenner
0%
TV Show1962General Electric Theater
0%
TV Show1962The Defenders
0%
TV Show1959Armstrong Circle Theatre
0%
Film1974Airport 1975
0%
Theater1958-1959The Power and the Glory
0%
Theater1958As You Like It
0%
Theater1957Macbeth
0%
Theater1957Richard III
0%
Theater1957Measure for Measure
0%
Theater1957The Taming of the Shrew
0%
TV Show1957The Big Story
0%
Theater1956-1957The Good Woman of Setzuan
0%
TV Show1956, 1957Studio One
0%
Theater1956Diary of a Scoundrel
0%
Theater1955-1961Threepenny Opera
0%
Theater1955The Carefree Tree
0%
Film1974The Taking of Pelham One Two Three
0%
TV Show1975-1976Joe and Sons
0%
Film1988Hairspray
0%
TV Show1982Alice
0%
Film1987Nadine
0%
Film1987Hot Pursuit
0%
TV Show1986Screen Two
0%
Film1986Seize the Day
0%
Theater1985Prairie du Chien | The Shawl
0%
TV Show1985Tales from the Darkside
0%
TV Show1985The Equalizer
0%
Theater1984-1985Hurlyburly
0%
TV Show1984Trapper John, M.D.
0%
TV Film1983The Other Woman
0%
TV Show1983Amanda's
0%
TV Show1983Reading Rainbow
0%
TV Show1982Simon & Simon
0%
Theater1975-1976The Ritz
0%
TV Show1981Private Benjamin
0%
TV Show1981Hart to Hart
0%
TV Film1981Madame X
0%
TV Show1980, 1982Archie Bunker's Place
0%
Theater1980Passione
0%
Film1980Those Lips, Those Eyes
0%
TV Show1979-1983The Love Boat
0%
TV Show1979Time Express
0%
Theater1977Unexpected Guests
0%
Film1977Nasty Habits
0%
TV Show1976Rhoda
0%
TV Show1976Phyllis
0%
Theater1988Much Ado About Nothing
0%

Score Distribution

Percentile by Number Answered

Percent of People with Each Score

Your Score History

You have not taken this quiz since the last reset